| 000 | 00558nam a2200193Ia 4500 | ||
|---|---|---|---|
| 005 | 20250423094900.0 | ||
| 008 | 250422s9999 xx 000 0 und d | ||
| 020 | _a1884065732 | ||
| 050 | _aWD 101 .G68/ | ||
| 100 | _aGotto, Antonio M. | ||
| 245 | 0 | _aContemporary diagnosis and management of lipid disorders | |
| 250 | _a2nd ed. | ||
| 260 | _aNewtown | ||
| 260 | _bHardbooks in Health Care | ||
| 260 | _c2004 | ||
| 300 | _a240 p | ||
| 650 | _aLipid metabolizması Hyperlipidemias_diagnosis Hyperlipidemias_therapy Lipid metabolism | ||
| 942 | _cBK | ||
| 999 |
_c28581 _d28581 |
||